[Event "4th EUR-ch (w)"]
[Site "Istanbul TUR"]
[Date "2003.06.11"]
[Round "9"]
[White "Socko, Monika"]
[Black "Prudnikova, Svetlana"]
[Result "1-0"]
[WhiteElo "2381"]
[BlackElo "2426"]
[EventDate "2003.06.01"]
[Board "11"]
[PlyCount "75"]
[EventRounds "11"]
[EventCountry "TUR"]

1.d4 Nf6 2.c4 e6 3.Nc3 Bb4 4.e3 O-O 5.Ne2 Re8 6.a3 Bf8 7.g3 d5 8.b3 b6 9.
Bg2 Bb7 10.O-O a5 11.Bb2 Na6 12.Qc2 Rb8 13.Rfd1 dxc4 14.Bxb7 Rxb7 15.bxc4 
Qc8 16.Nf4 c5 17.d5 e5 18.Ng2 e4 19.Nb5 Ng4 20.d6 Nb8 21.h3 Nh6 22.Nf4 Nc6
23.Rd5 Na7 24.Rad1 Qc6 25.d7 Rd8 26.Rd6 Rbxd7 27.Rxc6 Rxd1+ 28.Kg2 Nxc6 
29.Qxe4 Ne7 30.g4 f6 31.Nc7 Nf7 32.Ncd5 Nxd5 33.Nxd5 b5 34.Qc2 R1xd5 35.
cxd5 Rxd5 36.f4 c4 37.Kf3 a4 38.Qe4 1-0

[Event "4th EUR-ch (w)"]
[Site "Istanbul TUR"]
[Date "2003.06.11"]
[Round "9"]
[White "Zayats, Elena"]
[Black "Lomineishvili, Maia"]
[Result "0-1"]
[WhiteElo "2339"]
[BlackElo "2397"]
[EventDate "2003.06.01"]
[Board "14"]
[PlyCount "118"]
[EventRounds "11"]
[EventCountry "TUR"]

1.d4 Nf6 2.c4 e6 3.Nc3 Bb4 4.e3 O-O 5.Ne2 d5 6.a3 Be7 7.cxd5 Nxd5 8.Bd2 
Nd7 9.g3 Nxc3 10.Bxc3 c5 11.Bg2 Nf6 12.Qc2 Qc7 13.Rc1 Rb8 14.dxc5 Qxc5 15.
Bd4 Qa5+ 16.Qc3 Qa6 17.Be5 Ra8 18.Qc4 Qxc4 19.Rxc4 Nd7 20.Bc7 Bf6 21.Rc2 
Nb6 22.Nf4 g6 23.O-O e5 24.Nd5 Nxd5 25.Bxd5 a5 26.a4 Bd7 27.b3 Ra7 28.Bd6 
Rd8 29.Bc5 Raa8 30.Bb6 Re8 31.Rc7 Be6 32.Bxe6 Rxe6 33.Rxb7 Re7 34.Rxe7 
Bxe7 35.Rc1 Bb4 36.Kf1 Kg7 37.Ke2 Kf6 38.Rc6+ Kg7 39.Bc7 f6 40.Bb6 h5 41.
e4 Kf7 42.Kd3 h4 43.Rc7+ Ke6 44.Rc6+ Kf7 45.Kc4 h3 46.Rc7+ Ke6 47.Rc6+ Kf7
48.Kd5 g5 49.f3 Be1 50.g4 Rb8 51.Rc7+ Kg6 52.Rc6 Bd2 53.Kc4 Bf4 54.Bg1 Rd8
55.b4 Rd1 56.Bc5 Bxh2 57.bxa5 Bg3 58.Rc8 h2 59.Rh8 Bh4 0-1

[Event "4th EUR-ch (w)"]
[Site "Istanbul TUR"]
[Date "2003.06.11"]
[Round "9"]
[White "Pokorna, Regina"]
[Black "Velikhanli, Firuza"]
[Result "0-1"]
[WhiteElo "2418"]
[BlackElo "2305"]
[EventDate "2003.06.01"]
[Board "19"]
[PlyCount "63"]
[EventRounds "11"]
[EventCountry "TUR"]

1.e4 c5 2.Nf3 g6 3.d4 Bg7 4.Nc3 cxd4 5.Nxd4 Nc6 6.Be3 Nf6 7.Be2 O-O 8.O-O 
d6 9.h3 Bd7 10.f4 Nxd4 11.Bxd4 Bc6 12.Bf3 Qc7 13.Nd5 Nxd5 14.exd5 Bxd4+ 
15.Qxd4 Bb5 16.Rf2 Qc4 17.Qe3 Rfe8 18.f5 Qc5 19.Qd2 Bd7 20.fxg6 hxg6 21.
Qf4 Kg7 22.Rf1 Rf8 23.c3 e5 24.dxe6 fxe6 25.Qg4 Rf6 26.Be4 Bb5 27.Bf3 Bxf1
28.Kxf1 Raf8 29.Qe4 d5 30.Qe5 Qc4+ 31.Kg1 Qf4 32.Qe2 0-1

[Event "4th EUR-ch (w)"]
[Site "Istanbul TUR"]
[Date "2003.06.12"]
[Round "10"]
[White "Zimina, Olga"]
[Black "Socko, Monika"]
[Result "0-1"]
[WhiteElo "2358"]
[BlackElo "2381"]
[EventDate "2003.06.01"]
[Board "9"]
[PlyCount "88"]
[EventRounds "11"]
[EventCountry "TUR"]

1.e4 e6 2.d4 d5 3.Nd2 Nf6 4.e5 Nfd7 5.c3 c5 6.Bd3 Nc6 7.Ngf3 g6 8.O-O Bg7 
9.Re1 O-O 10.Nf1 cxd4 11.cxd4 Qb6 12.Bc2 f6 13.exf6 Nxf6 14.Rb1 Ng4 15.Ne3
Nh6 16.Rf1 Nf7 17.Ng4 Nxd4 18.Nxd4 Qxd4 19.Qe2 Qb6 20.b3 e5 21.Kh1 Bd7 22.
a4 Rac8 23.Ne3 Be6 24.Ba3 Rfd8 25.f4 exf4 26.Rxf4 Re8 27.Bd3 Bh6 28.a5 Qd8
29.Qf1 Qc7 30.Rf3 Ne5 31.Rg3 d4 32.Nf5 Bxf5 33.Bxf5 Rcd8 34.a6 bxa6 35.
Qxa6 Bf4 36.Be6+ Kh8 37.Rh3 d3 38.Bb2 Qc2 39.Bxe5+ Bxe5 40.Rf1 d2 41.Qxa7 
Qc7 42.Qxc7 Bxc7 43.Bg4 Re1 44.Rf3 d1=Q 0-1

[Event "4th EUR-ch (w)"]
[Site "Istanbul TUR"]
[Date "2003.06.13"]
[Round "11"]
[White "Stepovaya-Dianchenko, Tatiana"]
[Black "Stiazhkina, Olga"]
[Result "1/2-1/2"]
[WhiteElo "2394"]
[BlackElo "2313"]
[EventDate "2003.06.01"]
[Board "28"]
[PlyCount "53"]
[EventRounds "11"]
[EventCountry "TUR"]

1.e4 Nc6 2.Nf3 f5 3.exf5 d5 4.d4 Bxf5 5.Bf4 e6 6.Bb5 Bd6 7.Ne5 Ne7 8.Qh5+ 
Bg6 9.Nxg6 Nxg6 10.Bg5 Be7 11.h4 Qd6 12.Bxe7 Qxe7 13.c3 O-O 14.Nd2 e5 15.
O-O exd4 16.Qxd5+ Kh8 17.Rae1 Qxh4 18.Nf3 Qg4 19.Nh2 Qf4 20.g3 Rf5 21.Qe4 
Qg5 22.Bxc6 bxc6 23.cxd4 Raf8 24.Qxc6 Nf4 25.Re8 h5 26.Rxf8+ Rxf8 27.Kh1 
1/2-1/2